LEADER 01100nam a2200265 i 4500 001 000000137642 003 CaOOAMICUS 005 20240509143051.0 008 050419s1968 it u000 u ita u 013 $a111436 040 $aSeMil$bita 100 1 $aMarshall, Bruce <1899-1987>.$0(OLS)http://semarc/name/20014 240 10$aOnly fade away.$0(OLS)http://semarc/title/201136 245 12$aI vecchi soldati non muoiono /$cromanzo di Bruce Marshall ; traduzione di Marcella Hannau. 260 $aMilano :$bLonganesi & C.,$ccopyr. 1968. 300 $a282 p. ;$c19 cm. 490 0 $aI Libri Pocket ;$v157 700 1 $aHannau, Marcella.$0(OLS)http://semarc/name/55831 830 2$aI libri pocket ;$v157.$0(OLS)http://semarc/title/401525 850 $aSeMil 852 $aSeMil$W1$xVenegono$y1$m62 3 157 *$j91178$B91178$CSeMilBibl$Z2$F96105 $81 961 $aRecupero: Biblioteca Seminario Seveso (fino al 1985) 996 $6245$aI vecchi soldati non muoiono$9(OLS)http://semarc/title/201135 996 $6260$aMilano :$bLonganesi & C.$9(OLS)http://semarc/publisher/31590 LEADER 01283nam a2200265 i 4500 001 000000043131 003 CaOOAMICUS 005 20140402000000.0 008 140402s1993 xx u000 u eng u 013 $a14301 020 $a3-11-013767-4 040 $aSeMil$bita 100 1 $aNogalski, James D.,$d<1956- >.$0(OLS)http://semarc/name/21000 245 10$aRedactional processes in the Book of the Twelve /$cJames Nogalski. 260 $aBerlin ; New York :$bWalter de Gruyter,$c1993. 300 $aix, 300 p. ;$c24 cm. 490 0 $aBeihefte zur Zeitschrift für die alttestamentliche Wissenschaft ;$v218 650 4$aBibbia. Antico Testamento. Libri profetici - Profeti minori - Commentari, studi, critica, interpretazioni.$0(OLS)http://semarc/subject/20930 830 0$aBeihefte zur Zeitschrift für die alttestamentliche Wissenschaft ;$v218.$0(OLS)http://semarc/title/294 850 $aSeMil 852 $aSeMil$W1$xVenegono$y1$m2XA Q 218$j236913$B9286$CSeMilBibl$Z2$F9286 $81 961 $aAcquisto: Casa editrice 996 $6020$a3-11-013767-4$9(OLS)http://semarc/number/14630 996 $6245$aRedactional processes in the Book of the Twelve$9(OLS)http://semarc/title/63246 996 $6260$aBerlin ; New York :$bWalter de Gruyter$9(OLS)http://semarc/publisher/29849